01152nam a2200205 i 450000100060000000300090000600500170001500700030003200800410003508000210007610000260009724503270012324602110045026000480066130000250070953000350073465100640076985200240083385600890085723325ES-MaACL20240229062719.0t|021210s1813 sp ||||1| spa d a94(460)"1808/14"1 aAlvarez, Pedro Pablo.10aManifiesto que en su defensa, y en contextacion [sic] al que publicó una cabeza exaltada de la villa de Castro Urdiales da a luz el teniente coronel del Regimiento de Usares de Iberia Pedro Pablo Álvarez, gobernador que fue de aquella plaza durante los sitios que sufrió hasta su abandono, Bermeo 24 de mayo de 1813.3 aManifiesto que en su defensa, y en contestación al que publicó una cabeza exaltada de la villa de Castro Urdiales da a luz el teniente coronel del Regimiento de Usares de Iberia Pedro Pablo Álvarez... aBurgos : b[s.n.], c1813 (fImp. de Navas) a57, 34 p. ; c19 cm. aDisponible en formato digital. 4aEspaña-xHistoria-y1808-1814, Guerra de la Independencia4 aES-MaACLjT-131-F-14 uhttp://bdh-rd.bne.es/viewer.vm?id=0000202173&page=1 zBiblioteca Digital Hispánica